[Event "XXVII OOM - Mistrzostwa Polski Juniorow Mlodszych - Chlopcy do lat 14"]
[Site "ApartHotel Termy Uniejow, ul. Termalna 1, 99-210 Uniejow"]
[Date "1899-12-30"]
[Round "1.1"]
[White "Klimkowski, Jan"]
[Black "Grzebieniowski, Michal"]
[Result "1-0"]
[WhiteTitle "FM"]
[BlackTitle "I"]
[WhiteElo "2322"]
[BlackElo "1663"]

1. e4 c6 2. d4 d5 3. f3 dxe4 4. fxe4 e5 5. Nf3 exd4 6. Bc4 Bb4+ 7. c3 dxc3 8. Bxf7+
Ke7 9. Qb3 cxb2+ 10. Qxb4+ Kxf7 11. Bxb2 Qe7 12. Qd4 Nf6 13. O-O Re8 14. Ba3 c5
15. Bxc5 Nc6 16. Qc4+ Be6 17. Qc3 Qc7 18. e5 Nd5 19. Ng5+ Kg8 20. Qd3 g6 21. Nxe6
Qxe5 22. Nd2 Qxe6 23. Rae1 Qd7 24. Ne4 Rad8 25. Nd6 Rxe1 26. Rxe1 Nce7 27. Rxe7
Qc6 28. Nxb7 Rb8 29. Re5 Nf6 30. Qc4+ Kh8 31. Re6 Qxb7 32. Rxf6 Qb1+ 33. Rf1 1-0

[Event "XXVII OOM - Mistrzostwa Polski Juniorow Mlodszych - Chlopcy do lat 14"]
[Site "ApartHotel Termy Uniejow, ul. Termalna 1, 99-210 Uniejow"]
[Date "1899-12-30"]
[Round "1.2"]
[White "Malinowski, Szymon"]
[Black "Fiszer, Bartosz"]
[Result "0-1"]
[WhiteTitle "I"]
[BlackTitle "CM"]
[WhiteElo "1662"]
[BlackElo "2216"]

1. d4 Nf6 2. Nf3 g6 3. Bg5 Bg7 4. Nbd2 O-O 5. e3 d5 6. Bd3 Nbd7 7. O-O Re8 8. c4
h6 9. Bh4 c5 10. cxd5 cxd4 11. e4 Nh5 12. Re1 g5 13. Bg3 Nxg3 14. hxg3 g4 15.
Nh4 Ne5 16. Nc4 Nxc4 17. Bxc4 Qd6 18. Qe2 Qe5 19. f4 gxf3 20. Qxf3 Bd7 21. Rf1
Rf8 22. Rae1 Rac8 23. Bd3 a5 24. Qf2 a4 25. Nf3 Qd6 26. Nh4 Qe5 27. Qf3 a3 28.
bxa3 Rc3 29. Rc1 Bf6 30. Rxc3 dxc3 31. Bc2 Ra8 32. Rb1 b6 33. Nf5 Bxf5 34. exf5
Rxa3 35. Bb3 Rxb3 36. axb3 c2 37. Rf1 Bg5 38. Qg4 c1=Q 39. Rxc1 Qe3+ 40. Kh2 Qxc1
41. f6 Kf8 42. fxe7+ Kxe7 43. Qe4+ Kd6 44. Qe8 Qc7 0-1

[Event "XXVII OOM - Mistrzostwa Polski Juniorow Mlodszych - Chlopcy do lat 14"]
[Site "ApartHotel Termy Uniejow, ul. Termalna 1, 99-210 Uniejow"]
[Date "1899-12-30"]
[Round "1.3"]
[White "Malek, Jan"]
[Black "Rylski, Tadeusz"]
[Result "1-0"]
[WhiteTitle "I++"]
[BlackTitle "I"]
[WhiteElo "2097"]
[BlackElo "1644"]

1. e4 c5 2. c3 d5 3. exd5 Qxd5 4. d4 Nc6 5. Nf3 Bg4 6. Be2 cxd4 7. cxd4 Nf6 8.
Nc3 Qa5 9. O-O e6 10. h3 Bh5 11. Be3 Be7 12. a3 O-O 13. b4 Qd8 14. Qb3 Nd5 15.
Ne4 f5 16. Nc5 Bxc5 17. dxc5 f4 18. Bc1 Bxf3 19. Bxf3 Nd4 20. Qd3 Ne3 21. Kh1
Nxf1 22. Bxb7 Rb8 23. Be4 f3 24. Qxf1 Qh4 25. g4 Nb3 26. Rb1 Nxc1 27. Rxc1 Rf4
28. Rc4 Rd8 29. Kg1 Rdf8 30. Kh2 Kh8 31. Qg1 Qf6 32. Qg3 Qb2 33. c6 Qe2 34. Bd3
Rxc4 35. Bxe2 fxe2 36. Qe3 Rcf4 37. Kg2 Rc4 38. Qxe6 Rxc6 39. Qxe2 h6 40. Qe3
Rc7 41. b5 Rb7 42. a4 Ra8 43. h4 Rbb8 44. g5 Re8 45. Qc5 Rec8 46. Qd6 hxg5 47.
hxg5 Rc4 48. Qe6 Rh4 49. Kg3 Rh5 50. Qg6 Rh7 51. a5 Rf8 52. Qd6 Rc8 53. b6 axb6
54. axb6 Rc3+ 55. f3 Rh5 56. Qe5 Rc8 57. b7 Rf8 58. Kg4 1-0

[Event "XXVII OOM - Mistrzostwa Polski Juniorow Mlodszych - Chlopcy do lat 14"]
[Site "ApartHotel Termy Uniejow, ul. Termalna 1, 99-210 Uniejow"]
[Date "1899-12-30"]
[Round "1.4"]
[White "Kusiak, Mateusz"]
[Black "Klim, Filip"]
[Result "1-0"]
[WhiteTitle "I+"]
[BlackTitle "I++"]
[WhiteElo "1634"]
[BlackElo "2062"]

1. e4 e5 2. Nf3 Nc6 3. Bb5 g6 4. O-O Bg7 5. Nc3 a6 6. Ba4 Nge7 7. Re1 O-O 8. Nd5
b5 9. Bb3 Na5 10. d4 Nxb3 11. axb3 d6 12. dxe5 dxe5 13. Bg5 f6 14. Nxf6+ Bxf6
15. Qxd8 Rxd8 16. Bxf6 Re8 17. Bxe5 c6 18. Bg3 Kg7 19. h3 Bb7 20. Rad1 Rad8 21.
Bh4 Rxd1 22. Rxd1 Bc8 23. Rd6 h6 24. Bf6+ Kh7 25. e5 g5 26. Nd4 Nf5 27. Nxf5 Bxf5
28. Rxc6 Rc8 29. Rxa6 Bxc2 30. g4 Be4 31. Ra7+ Kg8 32. f3 Bxf3 33. Rg7+ Kf8 34.
Rh7 Rc1+ 35. Kf2 Bd5 36. Rxh6 Bxb3 37. Bxg5 Rc2+ 38. Ke3 Kf7 39. e6+ Kg7 40. e7
Bf7 41. Rb6 Be8 42. h4 Rc4 43. Kf3 Bd7 44. Rb8 Bc6+ 45. Ke3 Re4+ 46. Kd3 Re6 47.
Kd4 Kf7 48. Rf8+ Kg6 49. Kc5 Kg7 50. Rf6 1-0

[Event "XXVII OOM - Mistrzostwa Polski Juniorow Mlodszych - Chlopcy do lat 14"]
[Site "ApartHotel Termy Uniejow, ul. Termalna 1, 99-210 Uniejow"]
[Date "1899-12-30"]
[Round "1.5"]
[White "Meers, Hubert"]
[Black "Stanislawski, Karol"]
[Result "1-0"]
[WhiteTitle "k"]
[BlackTitle "I"]
[WhiteElo "2037"]
[BlackElo "1621"]

1. e4 c5 2. Nf3 Nc6 3. Bb5 g6 4. O-O Bg7 5. Bxc6 dxc6 6. d3 e5 7. h3 Ne7 8. Nc3
O-O 9. Nh2 Be6 10. f4 c4 11. Qe2 exf4 12. Nf3 Qa5 13. d4 g5 14. e5 h6 15. Ne4
Nf5 16. c3 Bd5 17. Re1 Rfe8 18. Nh2 Bxe4 19. Qxe4 Ng3 20. Qc2 f6 21. Qg6 f5 22.
Nf1 Rf8 23. Nxg3 fxg3 24. h4 f4 25. hxg5 hxg5 26. Qxg5 f3 27. gxf3 Rxf3 28. Qg4
Qd5 29. Bh6 Rf7 30. e6 Re7 31. Re5 Qd6 32. Rg5 Qc7 33. Rf1 Rf8 34. Rxf8+ Kxf8
35. Rxg7 Rxg7 36. Qxg7+ Qxg7 37. e7+ Kxe7 38. Bxg7 Ke6 39. Kg2 Kf5 40. Bf8 Ke4
1-0

[Event "XXVII OOM - Mistrzostwa Polski Juniorow Mlodszych - Chlopcy do lat 14"]
[Site "ApartHotel Termy Uniejow, ul. Termalna 1, 99-210 Uniejow"]
[Date "1899-12-30"]
[Round "1.6"]
[White "Jaworski, Tymon"]
[Black "Krawczyk, Flawian"]
[Result "1/2-1/2"]
[WhiteTitle "I"]
[BlackTitle "I++"]
[WhiteElo "1616"]
[BlackElo "1984"]

1. d4 Nf6 2. Bf4 d5 3. e3 c5 4. c3 Nc6 5. Nd2 e6 6. Ngf3 Bd6 7. Ne5 Qc7 8. Ndf3
Ne4 9. Bd3 f6 10. Nxc6 Bxf4 11. exf4 bxc6 12. Qc1 a5 13. Qe3 cxd4 14. cxd4 Nd6
15. O-O O-O 16. Rac1 Re8 17. Qe2 Bb7 18. Qc2 g6 19. Rfe1 Kg7 20. Re3 Nf5 21. Bxf5
exf5 22. Rce1 Rxe3 23. Rxe3 Ba6 24. Re6 Bc4 25. b3 Kf7 26. Re3 Ba6 27. g3 Rc8
28. Rc3 Qb6 29. Rc5 a4 30. bxa4 Qb4 31. Qb3 Rb8 32. Rxc6 Bc4 33. Qxb4 Rxb4 34.
Kg2 Rxa4 35. Rc7+ Kg8 36. Rc8+ Kg7 37. Rc7+ Kg8 1/2-1/2

[Event "XXVII OOM - Mistrzostwa Polski Juniorow Mlodszych - Chlopcy do lat 14"]
[Site "ApartHotel Termy Uniejow, ul. Termalna 1, 99-210 Uniejow"]
[Date "1899-12-30"]
[Round "1.7"]
[White "Janeczko, Jakub"]
[Black "Wieckowski, Michal"]
[Result "1/2-1/2"]
[WhiteTitle "I++"]
[BlackTitle "I"]
[WhiteElo "1976"]
[BlackElo "1614"]

1. Nf3 f5 2. c4 Nf6 3. g3 d6 4. Bg2 g6 5. Nc3 Bg7 6. d3 e5 7. e4 c6 8. exf5 Bxf5
9. O-O O-O 10. Ng5 Na6 11. Be3 h6 12. Nge4 Nxe4 13. dxe4 Be6 14. Qd2 Bxc4 15.
Rfd1 Rf6 16. Bxh6 Bxh6 17. Qxh6 Qf8 18. Qe3 Nc5 19. Rd2 Ne6 20. b3 Ba6 21. Rad1
Nd4 22. f4 Qe7 23. Bf1 Bxf1 24. Rxf1 Raf8 25. Rdf2 Qg7 26. Ne2 Nxe2+ 27. Qxe2
exf4 28. gxf4 Re8 29. Qd3 Qe7 30. e5 dxe5 31. fxe5 Rxf2 32. Qxg6+ Qg7 33. Qxg7+
1/2-1/2

[Event "XXVII OOM - Mistrzostwa Polski Juniorow Mlodszych - Chlopcy do lat 14"]
[Site "ApartHotel Termy Uniejow, ul. Termalna 1, 99-210 Uniejow"]
[Date "1899-12-30"]
[Round "1.8"]
[White "Trzebinski, Patryk"]
[Black "Maslanka, Wojciech"]
[Result "0-1"]
[WhiteTitle "I+"]
[BlackTitle "I"]
[WhiteElo "1609"]
[BlackElo "1943"]

1. d4 Nf6 2. Nf3 e6 3. Bf4 b6 4. e3 Be7 5. Nbd2 Nh5 6. Bg3 O-O 7. Bd3 Ba6 8. Bxa6
Nxa6 9. Ne5 g6 10. c3 Qc8 11. h4 Qb7 12. O-O d6 13. Nd3 c5 14. Qg4 cxd4 15. exd4
Nc7 16. Rfe1 f5 17. Qf3 Qxf3 18. Nxf3 Nxg3 19. fxg3 Rfe8 20. Re2 h6 21. Rae1 Kf7
22. Rf2 Kg7 23. Rfe2 Bf6 24. a4 Re7 25. Nd2 Kf7 26. Nc4 Rd8 27. Nb4 Red7 28. b3
Rc8 29. Nc6 Nd5 30. Nxa7 Rxc4 31. bxc4 Nxc3 32. Rxe6 Bxd4+ 33. Kh2 Rxa7 34. Rxd6
Bc5 35. Rc6 Ne4 36. g4 Nd6 37. h5 gxh5 38. gxf5 Re7 39. Rxe7+ Kxe7 40. Rc7+ Kd8
41. Ra7 Nxc4 42. f6 Ke8 43. Kg3 Bd4 44. Re7+ Kf8 45. Re4 Nd6 46. Re6 Kf7 47. Re1
Kxf6 48. Rd1 Kg5 49. Kf3 Nf5 50. Rb1 Bc5 51. Rd1 Nd4+ 52. Kg3 Bd6+ 53. Kh3 Bc5
54. Re1 Nf5 55. Re8 Kf4 56. Ra8 Bb4 57. Rc8 Ba5 58. Rc4+ Ke5 59. Rc8 Ke6 60. g4
hxg4+ 61. Kxg4 Nd4 62. Rd8 Nb3 63. Kh5 Ke5 64. Kxh6 Nc5 65. Kg6 Nxa4 66. Re8+
Kd5 67. Kf5 Nc5 68. Kf4 b5 69. Ke3 Kc4 70. Ke2 Bc3 71. Kd1 Kb3 72. Kc1 Bb2+ 73.
Kd2 b4 74. Ra8 Ne4+ 75. Kd3 Nc3 76. Rb8 Nd5 77. Rb7 Bc3 78. Ke4 Nf6+ 79. Kd3 Ng4
80. Ke2 Kc2 81. Kf3 Ne5+ 82. Ke4 Nc4 83. Kd5 Nd2 84. Rxb4 Bxb4 85. Kd4 Bc3+ 86.
Kd5 Kd3 87. Kc5 Ke4 88. Kd6 Nb3 89. Kc6 Ke5 90. Kb5 Kd5 91. Kb6 Nd4 92. Kc7 Ke6
93. Kd8 Ba5+ 94. Ke8 Nf5 95. Kf8 Bb6 96. Ke8 Ng7+ 97. Kf8 Kf6 98. Kg8 Bc5 99.
Kh8 Kg6 100. Kg8 Nf5 101. Kh8 Ba3 102. Kg8 Nh6+ 103. Kh8 Bb2# 0-1

[Event "XXVII OOM - Mistrzostwa Polski Juniorow Mlodszych - Chlopcy do lat 14"]
[Site "ApartHotel Termy Uniejow, ul. Termalna 1, 99-210 Uniejow"]
[Date "1899-12-30"]
[Round "1.9"]
[White "Herwy, Jakub"]
[Black "Krasniewski, Maciej"]
[Result "0-1"]
[WhiteTitle "I+"]
[BlackTitle "I"]
[WhiteElo "1916"]
[BlackElo "1572"]

1. e4 c5 2. d3 Nc6 3. f4 d6 4. Nf3 g6 5. Be2 Bg7 6. c3 Nf6 7. O-O O-O 8. Na3 Rb8
9. Be3 b5 10. Qd2 Ng4 11. Nc2 Nxe3 12. Nxe3 b4 13. d4 bxc3 14. bxc3 cxd4 15. cxd4
e5 16. fxe5 dxe5 17. d5 Nd4 18. Nxd4 exd4 19. Nc4 d3 20. Bxd3 Bxa1 21. Rxa1 Ba6
22. Ne3 Bxd3 23. Qxd3 Qb6 24. Kh1 Qb5 25. Qd1 Qb2 26. Nc4 Qb4 27. Qf1 Rbc8 28.
Ne5 Qd6 29. Ng4 f6 30. Qf3 h5 31. Nf2 Qe5 32. Rf1 f5 33. Nd3 Qxe4 34. Qg3 f4 35.
Qh3 Rc3 36. Rd1 Qxd5 0-1

[Event "XXVII OOM - Mistrzostwa Polski Juniorow Mlodszych - Chlopcy do lat 14"]
[Site "ApartHotel Termy Uniejow, ul. Termalna 1, 99-210 Uniejow"]
[Date "1899-12-30"]
[Round "1.10"]
[White "Ugorek, Kacper"]
[Black "Musial, Igor"]
[Result "1-0"]
[WhiteTitle "I"]
[BlackTitle "I"]
[WhiteElo "1569"]
[BlackElo "1903"]

1. e4 c5 2. Nf3 d6 3. d4 cxd4 4. Nxd4 Nf6 5. f3 e5 6. Bb5+ Nbd7 7. Nf5 d5 8. exd5
a6 9. Ba4 b5 10. Bb3 Nb6 11. Ne3 Bc5 12. Nc3 O-O 13. Qd3 Bb7 14. Ne4 Nxe4 15.
fxe4 Qh4+ 16. g3 Qh5 17. Qe2 Qg6 18. Qg4 Nd7 19. c3 Nf6 20. Qxg6 hxg6 21. Bc2
Rfc8 22. a3 a5 23. Bd2 b4 24. axb4 axb4 25. Ke2 bxc3 26. bxc3 Bd6 27. Bd3 Nd7
28. Nc4 Bc7 29. Be3 Ba6 30. Nd2 Bxd3+ 31. Kxd3 Bb6 32. Bxb6 Nxb6 33. c4 Na4 34.
Rhb1 Nc5+ 35. Kc3 Rxa1 36. Rxa1 f5 37. Re1 Na4+ 38. Kb4 Nc5 39. Re3 f4 40. Ra3
g5 41. Ra5 Nb7 42. Rb5 Nd8 43. g4 Kf8 44. c5 Ke7 45. Ra5 Nf7 46. Ra7+ Kf6 47.
c6 Rh8 48. c7 Nd6 49. Nf3 Nxe4 50. Ra6+ Ke7 51. Nxe5 f3 1-0

[Event "XXVII OOM - Mistrzostwa Polski Juniorow Mlodszych - Chlopcy do lat 14"]
[Site "ApartHotel Termy Uniejow, ul. Termalna 1, 99-210 Uniejow"]
[Date "1899-12-30"]
[Round "1.11"]
[White "Pancewicz, Szymon"]
[Black "Grzadka, Artur"]
[Result "0-1"]
[WhiteTitle "I+"]
[BlackTitle "I"]
[WhiteElo "1872"]
[BlackElo "1536"]

1. e4 c6 2. d4 d5 3. e5 Bf5 4. h4 h5 5. Bd3 Bxd3 6. Qxd3 e6 7. Bg5 Qb6 8. Nd2 c5
9. c4 Nc6 10. Ngf3 Nb4 11. Qb3 cxd4 12. a3 Nc6 13. cxd5 Qxb3 14. Nxb3 exd5 15.
Nbxd4 Nxd4 16. Nxd4 Bc5 17. Rd1 Bxd4 18. Rxd4 f6 19. exf6 gxf6 20. Bf4 Rd8 21.
Ke2 Ne7 22. Rb4 Rd7 23. Rd1 Kf7 24. Be3 Nc6 25. Rf4 Re8 26. Kf1 Red8 27. Bd4 Nxd4
28. Rfxd4 f5 29. Ke2 Kf6 30. Rc1 Ke5 31. Rd2 Rg8 32. Kf3 Rg4 33. g3 Rdg7 34. Rc8
Rg8 35. Rc7 R8g7 36. Rc8 Rg8 37. Re2+ Kd4 38. Rxg8 Rxg8 39. Re7 Kd3 40. Rxb7 Rd8
41. Rxa7 d4 42. Rc7 Kd2 43. b4 d3 44. a4 Kd1 45. Kg2 d2 46. Kf1 Re8 47. b5 Re1+
48. Kg2 Ke2 49. Re7+ Kd3 50. Rd7+ Kc3 51. a5 d1=Q 52. Rxd1 Rxd1 53. b6 Rb1 54.
Kf3 Kd2 55. Kf4 Ke2 56. f3 Rb4+ 57. Kxf5 Kxf3 58. Ke6 Rb5 59. Kf6 Kg4 60. Kg6
Rxa5 0-1

[Event "XXVII OOM - Mistrzostwa Polski Juniorow Mlodszych - Chlopcy do lat 14"]
[Site "ApartHotel Termy Uniejow, ul. Termalna 1, 99-210 Uniejow"]
[Date "1899-12-30"]
[Round "1.12"]
[White "Miler, Franciszek"]
[Black "Rog, Bartlomiej"]
[Result "0-1"]
[WhiteTitle "I"]
[BlackTitle "I++"]
[WhiteElo "1517"]
[BlackElo "1867"]

1. e4 e5 2. Nf3 Nc6 3. Bc4 Nf6 4. Ng5 d5 5. exd5 Na5 6. Bb5+ c6 7. dxc6 bxc6 8.
Be2 h6 9. Nf3 e4 10. Ne5 Bc5 11. c3 Bd6 12. d4 exd3 13. Nxd3 O-O 14. Nd2 Re8 15.
b4 Ba6 16. O-O Rxe2 17. Qxe2 Bxd3 18. Qxd3 Bxh2+ 19. Kxh2 Qxd3 20. bxa5 Ne4 21.
Nxe4 Qxf1 22. Bb2 Qe2 0-1

[Event "XXVII OOM - Mistrzostwa Polski Juniorow Mlodszych - Chlopcy do lat 14"]
[Site "ApartHotel Termy Uniejow, ul. Termalna 1, 99-210 Uniejow"]
[Date "1899-12-30"]
[Round "1.13"]
[White "Wiatrowski, Zbigniew"]
[Black "Nagly, Wojciech"]
[Result "1-0"]
[WhiteTitle "I"]
[BlackTitle "II"]
[WhiteElo "1860"]
[BlackElo "1514"]

1. e4 c6 2. Nc3 d5 3. Nf3 dxe4 4. Nxe4 Bf5 5. Ng3 Bg6 6. h4 h5 7. Ne5 Qd6 8. d4
Nd7 9. Nxg6 Qxg6 10. Bf4 Qe6+ 11. Be2 Ngf6 12. O-O Qd5 13. c4 Qa5 14. b4 Qb6 15.
b5 cxb5 16. c5 Qc6 17. Qb3 a6 18. Bf3 Qc8 19. a4 e6 20. axb5 axb5 21. Qxb5 Nd5
22. Bxd5 exd5 23. Rxa8 Qxa8 24. Re1+ Kd8 25. Qe2 Nf6 26. Qe5 Qc8 27. Bg5 Qc6 28.
Bxf6+ gxf6 29. Qb8+ Kd7 30. Rb1 Bg7 31. Rxb7+ Ke6 32. Qa7 f5 33. Re7+ Kf6 34.
Rxf7+ Kg6 35. Rxg7+ 1-0

[Event "XXVII OOM - Mistrzostwa Polski Juniorow Mlodszych - Chlopcy do lat 14"]
[Site "ApartHotel Termy Uniejow, ul. Termalna 1, 99-210 Uniejow"]
[Date "1899-12-30"]
[Round "1.14"]
[White "Sniadecki, Oskar"]
[Black "Zalega, Maciej"]
[Result "0-1"]
[WhiteTitle "I"]
[BlackTitle "I"]
[WhiteElo "1488"]
[BlackElo "1841"]

1. d4 Nf6 2. Bf4 g6 3. e3 Bg7 4. Bd3 d6 5. h3 O-O 6. Nf3 Nbd7 7. O-O b6 8. Nbd2
Bb7 9. c4 c5 10. Qc2 Re8 11. d5 Qc7 12. Rfe1 b5 13. e4 b4 14. g4 e5 15. Be3 Nb6
16. a4 Bc8 17. b3 Bd7 18. Nh2 a5 19. Rf1 h6 20. Rae1 g5 21. Be2 Nh7 22. Ndf3 Qc8
23. Nd2 h5 24. f3 h4 25. Kg2 Qd8 26. Rg1 Nf8 27. Nhf1 Ng6 28. Nb1 Nc8 29. Qc1
Nf4+ 30. Bxf4 exf4 31. Bd3 Bd4 32. Nbd2 Bxg1 33. Kxg1 Qf6 34. Qc2 Qd4+ 35. Kg2
Re5 36. Rd1 Re8 37. Nb1 Ne7 38. Nh2 Qg7 39. Nf1 Ng6 40. Nh2 Ne5 41. Be2 Re7 42.
Bd3 Rb8 43. Qa2 Be8 44. Qa1 Reb7 45. Be2 Nd7 46. Nd2 Qc3 47. Qa2 Nb6 48. Nhf1
Nxa4 49. Rb1 Nb6 50. Bd1 Ra8 51. Rb2 Rba7 52. Nb1 Qe5 53. Nfd2 a4 54. bxa4 Nxa4
55. Rb3 Nc3 56. Qc2 Nxd1 57. Qxd1 Ba4 0-1

[Event "XXVII OOM - Mistrzostwa Polski Juniorow Mlodszych - Chlopcy do lat 14"]
[Site "ApartHotel Termy Uniejow, ul. Termalna 1, 99-210 Uniejow"]
[Date "1899-12-30"]
[Round "1.15"]
[White "Grot, Blazej"]
[Black "Garwacki, Kornel"]
[Result "1-0"]
[WhiteTitle "CM"]
[BlackTitle "I"]
[WhiteElo "1786"]
[BlackElo "1478"]

1. e4 e5 2. Nf3 Nc6 3. Bc4 Nf6 4. d3 Bc5 5. c3 d6 6. O-O Bg4 7. Nbd2 Qe7 8. a4
a5 9. Bb3 h6 10. Re1 g5 11. Nf1 Nh5 12. h3 Bxf3 13. Qxf3 Nf4 14. Ng3 O-O-O 15.
Nf5 Qf6 16. Bxf4 gxf4 17. Red1 Ne7 18. Nxe7+ Qxe7 19. d4 Ba7 20. dxe5 dxe5 21.
Qh5 Qc5 22. Qf3 f6 23. Bd5 Rd6 24. b4 Qb6 25. bxa5 Qxa5 26. Rdb1 Rb6 27. Qg4+
Kb8 28. Qg7 Rc8 29. c4 Qd2 30. c5 Rb2 31. Rxb2 Qxb2 32. Rf1 Bxc5 33. a5 Qa3 34.
Rb1 Bb4 35. a6 bxa6 36. Qxf6 Qc3 37. Qxa6 1-0

[Event "XXVII OOM - Mistrzostwa Polski Juniorow Mlodszych - Chlopcy do lat 14"]
[Site "ApartHotel Termy Uniejow, ul. Termalna 1, 99-210 Uniejow"]
[Date "1899-12-30"]
[Round "1.16"]
[White "Jendrowiak, Maciej"]
[Black "Madej, Marek"]
[Result "0-1"]
[WhiteTitle "II+"]
[BlackTitle "I"]
[WhiteElo "1472"]
[BlackElo "1786"]

1. e4 c5 2. c3 Nf6 3. e5 Nd5 4. Nf3 e6 5. d4 cxd4 6. cxd4 b6 7. Bd3 Bb7 8. O-O
Nc6 9. Nbd2 d6 10. Nc4 dxe5 11. Ncxe5 Bd6 12. Re1 Bxe5 13. dxe5 Ndb4 14. Be4 Qxd1
15. Rxd1 Rd8 16. Bg5 Rxd1+ 17. Rxd1 h6 18. Be3 Na5 19. Bxb7 Nxb7 20. Kf1 Ke7 21.
Ke2 Rc8 22. a3 Nd5 23. Rc1 Rxc1 24. Bxc1 Kd7 25. Nd4 Na5 26. Kd3 Nc6 27. Nxc6
Kxc6 28. Kd4 Kb5 29. b3 a5 30. Bd2 a4 31. b4 Ne7 32. f4 Nf5+ 33. Kd3 Nh4 34. g4
Nf3 35. Be3 Nxh2 36. g5 h5 37. Ke4 g6 38. Bg1 Nf1 39. Kd3 Ng3 40. Bf2 Nf5 41.
Ke4 Ne7 42. Kd3 Nd5 43. Bg3 Nxb4+ 44. axb4 Kxb4 45. Kc2 Ka3 46. Bf2 b5 47. Kb1
Kb3 48. Be1 a3 49. Ka1 a2 50. Bf2 b4 51. Bg1 h4 0-1

[Event "XXVII OOM - Mistrzostwa Polski Juniorow Mlodszych - Chlopcy do lat 14"]
[Site "ApartHotel Termy Uniejow, ul. Termalna 1, 99-210 Uniejow"]
[Date "1899-12-30"]
[Round "1.17"]
[White "Kazmierowski, Tymon"]
[Black "Gbiorczyk, Mikolaj"]
[Result "1-0"]
[WhiteTitle "I+"]
[BlackTitle "II"]
[WhiteElo "1782"]
[BlackElo "1467"]

1. e4 c5 2. Nf3 d6 3. d4 cxd4 4. Nxd4 Nf6 5. Nc3 a6 6. Be3 e5 7. Nb3 Be6 8. f3
Be7 9. Qd2 Nbd7 10. g4 O-O 11. O-O-O b5 12. g5 b4 13. Ne2 Ne8 14. f4 a5 15. f5
a4 16. fxe6 axb3 17. exf7+ Rxf7 18. Kb1 Qa5 19. Nc1 bxc2+ 20. Qxc2 Rf8 21. Qb3+
Kh8 22. Qe6 Qd8 23. Bc4 Nc7 24. Qh3 g6 25. Rhf1 d5 26. Rxf8+ Nxf8 27. Bxd5 Nxd5
28. Rxd5 Qc7 29. Qg3 Bd6 30. Qf2 Be7 31. Rxe5 Rd8 32. Rd5 Rxd5 33. exd5 Qd7 34.
Qf7 Qf5+ 35. Qxf5 gxf5 36. Nd3 1-0

[Event "XXVII OOM - Mistrzostwa Polski Juniorow Mlodszych - Chlopcy do lat 14"]
[Site "ApartHotel Termy Uniejow, ul. Termalna 1, 99-210 Uniejow"]
[Date "1899-12-30"]
[Round "1.18"]
[White "Turowski, Maciej"]
[Black "Paszkowski, Krystian"]
[Result "0-1"]
[WhiteTitle "II"]
[BlackTitle "I+"]
[WhiteElo "1447"]
[BlackElo "1782"]

1. d4 Nf6 2. c4 e6 3. Nc3 Bb4 4. e3 O-O 5. Nge2 d5 6. a3 Be7 7. Ng3 b6 8. cxd5
exd5 9. Bd3 Re8 10. O-O Bb7 11. b4 a5 12. b5 Nbd7 13. Qb3 g6 14. a4 Bf8 15. Ba3
Bg7 16. Be2 Nf8 17. Bxf8 Bxf8 18. Bf3 Kg7 19. Rfc1 h5 20. h3 h4 21. Nf1 Ne4 22.
Rc2 f5 23. Bxe4 fxe4 24. Nh2 Bd6 25. Ng4 Qg5 26. Rac1 Re7 27. Kh1 Rf8 28. Qa2
Ref7 29. Ne2 Bc8 30. Nf4 Bxg4 31. hxg4 Rxf4 32. exf4 Qxf4 33. g3 Qf3+ 34. Kg1
h3 35. Kf1 h2 36. Rxc7+ Bxc7 37. Rxc7+ Kh8 0-1

[Event "XXVII OOM - Mistrzostwa Polski Juniorow Mlodszych - Chlopcy do lat 14"]
[Site "ApartHotel Termy Uniejow, ul. Termalna 1, 99-210 Uniejow"]
[Date "1899-12-30"]
[Round "1.19"]
[White "Demski, Michal"]
[Black "Pieczulis, Hubert"]
[Result "1/2-1/2"]
[WhiteTitle "I+"]
[BlackTitle "I"]
[WhiteElo "1768"]
[BlackElo "1445"]

1. e4 c6 2. d3 d5 3. Nd2 Nf6 4. e5 Nfd7 5. f4 e6 6. Ngf3 Qb6 7. d4 c5 8. c3 Nc6
9. Nb3 a5 10. a4 cxd4 11. Nfxd4 Nxd4 12. Nxd4 Nc5 13. Be2 Bd7 14. O-O Ne4 15.
Qc2 g6 16. Bf3 Bc6 17. Kh1 Bc5 18. Be3 O-O 19. Rfe1 Rac8 20. Bxe4 dxe4 21. Nxc6
Rxc6 22. Bxc5 Rxc5 23. Rad1 Rd5 24. Rxd5 exd5 25. Rd1 Rd8 26. Rd4 Rc8 27. Rxd5
Rc4 28. Rd1 e3 29. f5 Rf4 30. f6 h5 31. Qd3 Rf5 32. h3 Rxe5 33. Qd8+ Qxd8 34.
Rxd8+ Kh7 35. Rd1 g5 36. g3 Kg6 37. Kg2 e2 38. Re1 Kxf6 39. Kf3 b6 40. b4 Ke6
41. Rxe2 Rxe2 42. Kxe2 f5 43. Ke3 Ke5 44. h4 gxh4 45. gxh4 Kd5 46. bxa5 bxa5 47.
Kf4 Kc4 48. Kxf5 Kb3 49. Kg5 Kxa4 50. Kxh5 Kb3 51. Kg5 1/2-1/2

[Event "XXVII OOM - Mistrzostwa Polski Juniorow Mlodszych - Chlopcy do lat 14"]
[Site "ApartHotel Termy Uniejow, ul. Termalna 1, 99-210 Uniejow"]
[Date "1899-12-30"]
[Round "1.20"]
[White "Zieba, Hubert"]
[Black "Nowak, Filip"]
[Result "1-0"]
[WhiteTitle "I"]
[BlackTitle "I"]
[WhiteElo "1417"]
[BlackElo "1745"]

1. c4 e5 2. Nc3 Nf6 3. g3 Bb4 4. Bg2 O-O 5. d3 Nc6 6. Bd2 Re8 7. e4 a5 8. Nge2
d6 9. h3 Ne7 10. Nd5 Nfxd5 11. cxd5 c5 12. a3 Bxd2+ 13. Qxd2 b5 14. O-O Bd7 15.
Rac1 Qb6 16. Kh2 b4 17. f4 f6 18. f5 Reb8 19. g4 bxa3 20. bxa3 Qb2 21. Rc2 Qxa3
22. g5 fxg5 23. Qxg5 Qxd3 24. Rd2 h6 25. Qxe7 Qxd2 26. f6 gxf6 27. Bf3 Qg5 28.
Rg1 Be8 29. Rxg5+ fxg5 30. Ng3 Bg6 31. Bh5 Rb2+ 32. Kg1 Rf8 33. Qe6+ Kh8 34. Qxg6
Rb1+ 35. Kg2 Rb2+ 36. Ne2 1-0

[Event "XXVII OOM - Mistrzostwa Polski Juniorow Mlodszych - Chlopcy do lat 14"]
[Site "ApartHotel Termy Uniejow, ul. Termalna 1, 99-210 Uniejow"]
[Date "1899-12-30"]
[Round "1.21"]
[White "Kubik, Rafal"]
[Black "Duda, Szymon"]
[Result "0-1"]
[WhiteTitle "I"]
[BlackTitle "I"]
[WhiteElo "1738"]
[BlackElo "1413"]

1. e4 e5 2. Nf3 Nc6 3. Bc4 Bc5 4. c3 Nf6 5. d4 exd4 6. e5 d5 7. Bb5 Ne4 8. cxd4
Bb6 9. Nc3 O-O 10. Be3 Bg4 11. Bxc6 bxc6 12. h3 Bh5 13. Qc2 Ba5 14. Nd2 Nxd2 15.
Qxd2 Rb8 16. O-O f6 17. f4 fxe5 18. dxe5 d4 19. Qxd4 Bb6 20. Qe4 Qd2 21. Bxb6
Rxb6 22. Rf2 Qd7 23. e6 Qd6 24. f5 Rb4 25. Qe3 Kh8 26. g4 Bxg4 27. hxg4 Rxg4+
28. Kf1 Rg3 29. Qe4 h6 30. Rd1 Qe7 31. Qf4 Rg5 32. Qe5 Kh7 33. Rd7 Qe8 34. Ne4
Rg4 35. Nf6+ Rxf6 36. Qxf6 Qh5 37. Qc3 Qh1+ 38. Ke2 Qe4+ 39. Kd2 Rg1 40. Re2 Qf4+
41. Qe3 Qb4+ 42. Kd3 Qb5+ 43. Ke4 Rg4+ 0-1

[Event "XXVII OOM - Mistrzostwa Polski Juniorow Mlodszych - Chlopcy do lat 14"]
[Site "ApartHotel Termy Uniejow, ul. Termalna 1, 99-210 Uniejow"]
[Date "1899-12-30"]
[Round "1.22"]
[White "Leszcz, Mateusz"]
[Black "Borowik, Wojciech"]
[Result "1-0"]
[WhiteTitle "II"]
[BlackTitle "I+"]
[WhiteElo "1386"]
[BlackElo "1736"]

1. e4 c5 2. c3 d5 3. exd5 Qxd5 4. d4 Nc6 5. Nf3 e6 6. Be3 cxd4 7. cxd4 Nf6 8. Nc3
Qd8 9. Bc4 Be7 10. a3 O-O 11. Rc1 Nd5 12. O-O Nxc3 13. Rxc3 Bf6 14. Rd3 Qc7 15.
Qd2 e5 16. Bd5 exd4 17. Nxd4 Ne5 18. Bf4 Qd8 19. Bxe5 Bxe5 20. Nf3 Qf6 21. Nxe5
Qxe5 22. Re1 Qf6 23. Rf3 Qd8 24. Rxf7 Kh8 25. Qf4 Rg8 26. Qf3 Bg4 27. Qxg4 Qxd5
28. Qd7 Qxd7 29. Rxd7 Rge8 30. Rxe8+ Rxe8 31. g3 Rb8 32. h4 g6 33. Kg2 a5 34.
b4 b6 35. Ra7 axb4 36. axb4 Rc8 37. Rb7 Rc6 38. f3 Rc2+ 39. Kf1 Rc6 40. Ke2 Kg8
41. Kd3 h6 42. Kd4 Kf8 43. b5 Rf6 44. f4 Ke8 45. Ke4 h5 46. Ke5 Rf5+ 47. Ke6 Kd8
48. Rxb6 Kc7 49. Rc6+ Kb7 50. Ke7 Rxb5 51. Rxg6 Kc7 52. Rg5 Rb3 53. Kf6 Kd6 54.
Kg6 Ke6 55. f5+ Ke5 56. f6+ Ke6 57. Kxh5 Kxf6 58. g4 Rb4 59. Rg6+ Kf7 60. Kh6
Rb8 61. Kh7 Rb4 62. h5 Rb5 63. g5 Rf5 64. h6 Re5 65. Rg7+ Kf8 66. Rg8+ Kf7 67.
g6+ Kf6 68. Rf8+ Kg5 69. g7 Re7 70. Ra8 Rb7 71. Ra5+ Kf6 72. Kh8 1-0